Начальное профессиональное образование России (Запись № 1149833)

Подробности
000 -МАРКЕР
контрольное поле 01638nam0a2200301 4500
001 - ИДЕНТИФИКАТОР ЗАПИСИ
контрольное поле RU\NLR\bibl\202185
005 - ИДЕНТИФИКАТОР ВЕРСИИ
контрольное поле 20250619093624.0
035 ## - ДРУГИЕ СИСТЕМНЫЕ НОМЕРА
Идентификатор записи (NLR Aleph) 000198502
100 ## - ДАННЫЕ ОБЩЕЙ ОБРАБОТКИ
Данные общей обработки 20011113d2000 |||y0rusy50 ca
101 0# - ЯЗЫК РЕСУРСА
Язык текста, звукозаписи и т.д. русский
102 ## - СТРАНА ПУБЛИКАЦИИ ИЛИ ПРОИЗВОДСТВА
Страна публикации Российская Федерация
105 ## - ПОЛЕ КОДИРОВАННЫХ ДАННЫХ: ТЕКСТОВЫЕ МАТЕРИАЛЫ, МОНОГРАФИЧЕСКИЕ
Кодированные данные о монографическом текстовом документе y |||||||||
200 1# - ЗАГЛАВИЕ И СВЕДЕНИЯ ОБ ОТВЕТСТВЕННОСТИ
Основное заглавие Начальное профессиональное образование России
Сведения, относящиеся к заглавию К 60-летию Труд. Резервов
Первые сведения об ответственности Соколов А.Г.
Последующие сведения об ответственности Ком. по образованию Администрации Санкт-Петербурга. Учеб.-метод. центр
210 ## - ПУБЛИКАЦИЯ, РАСПРОСТРАНЕНИЕ И ДР.
Место издания, распространения и т.д. СПб.
Имя издателя, распространителя и т. д. Учеб.-метод. центр Ком. по образованию Администрации Санкт-Петербурга
Дата издания, распространения и т.д. 2000
215 ## - ФИЗИЧЕСКАЯ ХАРАКТЕРИСТИКА
Специфическое обозначение материала и объем 23 с.
Размеры 21
300 ## - ОБЩИЕ ПРИМЕЧАНИЯ
Текст примечания На 2-й с. обл. авт.: А.Г. Соколов, проф., д.ч. Акад. проф. образования
606 0# - НАИМЕНОВАНИЕ ТЕМЫ КАК ПРЕДМЕТ
Наименование темы Низшее профессиональное образование
Географический подзаголовок Российская Федерация
Системный номер авторитетной/нормативной записи 2080886
Идентификатор авторитетной/нормативной записи RU\NLR\auth\661256838
606 0# - НАИМЕНОВАНИЕ ТЕМЫ КАК ПРЕДМЕТ
Наименование темы Начальное профессиональное образование
Географический подзаголовок Российская Федерация
Системный номер авторитетной/нормативной записи 2183504
Идентификатор авторитетной/нормативной записи RU\NLR\auth\661312903
686 ## - ИНДЕКСЫ ДРУГИХ КЛАССИФИКАЦИЙ
Индекс Ч463(2)
700 #1 - ИМЯ ЛИЦА - ПЕРВИЧНАЯ ОТВЕТСТВЕННОСТЬ
Код отношения Автор
Начальный элемент ввода Соколов
Часть имени, кроме начального элемента ввода А. Г.
Дополнения к именам, кроме дат д-р пед. наук, проф.-тех. образование
Даты 1926-
Расширение инициалов личного имени Александр Георгиевич
Системный номер авторитетной/нормативной записи 253086
Идентификатор авторитетной/нормативной записи RU\NLR\AUTH\770253142
801 #0 - ИСТОЧНИК ЗАПИСИ
Страна Российская Федерация
Организация NLR
Дата составления 20011113
Правила каталогизации PSBO
801 #1 - ИСТОЧНИК ЗАПИСИ
Страна Российская Федерация
Организация NLR
Дата составления 20011113
830 ## - ОБЩЕЕ ПРИМЕЧАНИЕ, СОСТАВЛЕННОЕ КАТАЛОГИЗАТОРОМ
Текст примечания Авт. по кн.
942 ## - ДОПОЛНИТЕЛЬНЫЕ ЭЛЕМЕНТЫ ЗАПИСИ (АБИС)
Тип экземпляра АБИС Книга
980 ## - КОЛЛЕКЦИЯ
Название коллекции Национальная библиография
Экземпляры
Тип экземпляра Дата поступления Источник поступления Библиотека постоянного хранения Библиотека текущего хранения Место хранения Шифр хранения Штрих-код Статус экземпляра
Книга 13.11.2001 Подсобные фонды РНБ РНБ (Московский) РНБ (Московский) Русский книжный фонд: издания с 1957 года 2001-4/11221 183508